Science Quiz

Random Science or Elements Quiz

Elements With the Letter: P Quiz Stats

 Plays Quiz not verified by Sporcle

Challenge
Share
Tweet
Embed
Score 0/15 Timer 04:00
0 Plays Today
Atomic Number Answer % Correct
15Phosphorus
94.6%
94Plutonium
92.9%
84Polonium
89.3%
78Platinum
87.5%
46Palladium
85.7%
29Copper
83.9%
36Krypton
80.4%
93Neptunium
80.4%
Atomic Number Answer % Correct
59Praseodymium
76.8%
91Protactinium
76.8%
19Potassium
75%
112Copernicium
71.4%
63Europium
67.9%
61Promethium
66.1%
66Dysprosium
66.1%

You're not logged in!

Compare scores with friends on all Sporcle quizzes.
Join for Free
OR
Log In

You Might Also Like...

Show Comments

Extras

Created May 20, 2015ReportNominate
Tags:Elements Quiz, Letter Quiz

Top Quizzes Today


Score Distribution

Your Account Isn't Verified!

In order to create a playlist on Sporcle, you need to verify the email address you used during registration. Go to your Sporcle Settings to finish the process.

Report this User

Report this user for behavior that violates our Community Guidelines.

Details: